000 00560nam a2200217Ia 4500
003 OSt
005 20220927105000.0
006 a|||||r|||| 00| 0
007 ta
008 220926b |||||||| |||| 00| 0 eng d
024 _a196344
037 _cReference Collections
040 _aRTL
_cRTL
_beng
041 _2eng
_aeng
082 _a"Xp1,N62, K5;1"
245 0 _aSecond international conference of economic history
260 _c1965
300 _a162p
_ccm.
942 _h"Xp1,N62, K5;1"
_cCC
999 _c689949
_d689949